000 00445nam a2200181Ia 4500
001 25209
005 20260414151134.0
008 260414t2018||||xx |||||||||||||| ||spa||
041 _aESP
082 _a346.4
_bG67E
100 _aGonzales Barrón, Gunther
_eAUT
245 0 _aLa propiedad :
_bun enfoque constitucional
260 _c2018
300 _a381 páginas :
_c25 cm.
650 _aDER
654 _aCDE
942 _cLIB
_dJUS
_fJUS
_2ddc
_n
999 _c25209
_d25209